000 01318nam2a2200337 4500
001 RU\NLR\bibl\403889
005 20260405130614.0
010 _a5-9219-0256-X
_97000
021 _aRU
_b2003-17014
_9784
035 _a(NLR Aleph) 000398024
090 _a557326
_c557326
100 _a20030523d2003 |||y0rusy50 ca
101 0 _arus
102 _aRU
105 _ay |||||||||
200 0 _aКн. 4
_f[Ред.-сост. Л.В. Кузнецова, А.В. Соколов]
210 _d2003
_aБ. м.
215 _a127 с.
225 1 _a...
_vВып. 38
461 0 _1001RU\NLR\bibl\408105
_12001#$aСценарии школьных праздников$vКн. 4
_9582242
_cМ.
_d2002
_f[Сост. А.В. Соколов]
_nШк. Пресса
_tСценарии школьных праздников
_vКн. 4
610 0 _aШкольные праздники - Сценарии
675 _a373.138.32
_v3
_zrus
686 _a14.23
_2rugasnti
686 _a74.200.58
_2rubbk
702 1 _4340
_7ca
_8rus
_aКузнецова
_bЛ. В.
_cканд. пед. наук, воспитат. работа
_gЛюдмила Владимировна
_934636
_3RU\NLR\auth\7751703
801 0 _aRU
_bRKP
_c20030523
_gPSBO
801 1 _aRU
_bRKP
_c20030523
801 2 _aRU
_bNLR
_c20130607
_grcr
942 _cBOOK
980 _aNB